Stability analysis of some rice genotypes for yield / (Record no. 8566)

MARC details
000 -LEADER
fixed length control field 00953nam a22002657a 4500
001 - CONTROL NUMBER
control field BD-DhSAU 8566
003 - CONTROL NUMBER IDENTIFIER
control field BD-DhSAU
005 - DATE AND TIME OF LATEST TRANSACTION
control field 20150702143049.0
008 - FIXED-LENGTH DATA ELEMENTS--GENERAL INFORMATION
fixed length control field 150612b1987 bg a|||| m||| 00| 0 eng d
040 ## - CATALOGING SOURCE
Original cataloging agency BD-DhSAU
082 ## - DEWEY DECIMAL CLASSIFICATION NUMBER
Edition number 22
Classification number ...
Item number ...
100 ## - MAIN ENTRY--PERSONAL NAME
Personal name Baset, Abdul
245 ## - TITLE STATEMENT
Title Stability analysis of some rice genotypes for yield /
Remainder of title MS thesis
Statement of responsibility, etc. Abdul Baset
260 ## - PUBLICATION, DISTRIBUTION, ETC. (IMPRINT)
Place of publication, distribution, etc. Agricultural University, Mymensingh :
Name of publisher, distributor, etc. Department of Genetics & Plant Breeding,
Date of publication, distribution, etc. 1987.
300 ## - PHYSICAL DESCRIPTION
Extent 43 p. :
Other physical details ill. ;
Dimensions 29 cm.
500 ## - GENERAL NOTE
General note MS thesis of Department of Genetics & Plant Breeding, Faculty of Agriculture, Agricultural University, Mymensingh, Bangladesh
504 ## - BIBLIOGRAPHY, ETC. NOTE
Bibliography, etc Includes bibliographical reference.
590 ## - Name of Cataloguer
Name of Cataloger Jerin
650 ## - SUBJECT ADDED ENTRY--TOPICAL TERM
Topical term or geographic name as entry element Genetics & Plant Breeding
650 ## - SUBJECT ADDED ENTRY--TOPICAL TERM
Topical term or geographic name as entry element rice genotypes
650 ## - SUBJECT ADDED ENTRY--TOPICAL TERM
Topical term or geographic name as entry element rice
700 ## - ADDED ENTRY--PERSONAL NAME
Personal name Nasiruddin, Md.
Relator term Superviser
856 ## - ELECTRONIC LOCATION AND ACCESS
Link text Soft copy available [Contact with librarian]
942 ## - ADDED ENTRY ELEMENTS (KOHA)
Source of classification or shelving scheme Dewey Decimal Classification
Koha item type MS Level Thesis
Holdings
Withdrawn status Lost status Source of classification or shelving scheme Damaged status Not for loan Collection code Home library Branch Name Shelving location Date acquired Total Checkouts Full call number Barcode Date last seen Price effective from Koha item type
    Dewey Decimal Classification   Not For Loan Reference SAU Library SAU Library Reference 12/03/2015   ... ... 38973 12/06/2015 12/06/2015 MS Level Thesis